2K Highest Rated NBA Players - Statistics

General Stats
  • This quiz has been taken 28 times
  • The average score is 23 of 25
Answer Stats
# Team OVR Answer % Correct
5. Bucks 97 Giannis Antetokounmpo
100%
4. Lakers 97 Luka Doncic
100%
1. Nuggets 98 Nikola Jokic
100%
8. Cavaliers 95 Donovan Mitchell
96%
18. Lakers 92 LeBron James
96%
2. Thunder 98 Shai Gilgeous-Alexander
96%
7. Warriors 95 Stephen Curry
96%
19. Wizards 92 Anthony Davis
92%
6. Timberwolves 96 Anthony Edwards
92%
10. Pistons 95 Cade Cunningham
92%
16. Suns 93 Devin Booker
92%
14. Knicks 93 Jalen Brunson
92%
11. Celtics 95 Jaylen Brown
92%
12. Celtics 93 Jayson Tatum
92%
20. 76ers 92 Joel Embiid
92%
9. Clippers 95 Kawhi Leonard
92%
13. Rockets 93 Kevin Durant
92%
15. Pacers 93 Tyrese Haliburton
92%
17. 76ers 93 Tyrese Maxey
92%
3. Spurs 97 Victor Wembanyama
92%
21. Nuggets 91 Jamal Murray
88%
24. Cavaliers 90 James Harden
88%
22. Knicks 90 Karl-Anthony Towns
85%
23. Mavericks 90 Kyrie Irving
77%
25. Hawks 90 Jalen Johnson
65%
No matching quizzes found
Score Distribution
Percent of People with Each Score
Percentile by Number Answered
Your Score History
You have not taken this quiz